Financial Statement Analysis (Record no. 16420)
[ view plain ]
| 000 -LEADER | |
|---|---|
| fixed length control field | 00504nam a22001817a 4500 |
| 008 - FIXED-LENGTH DATA ELEMENTS--GENERAL INFORMATION | |
| fixed length control field | 260422b |||||||| |||| 00| 0 eng d |
| 020 ## - INTERNATIONAL STANDARD BOOK NUMBER | |
| International Standard Book Number | 9789372126679 |
| Price | 225.00 |
| 040 ## - CATALOGING SOURCE | |
| Original Cataloguing agency | Sibsagar Commerce College Central Library |
| 041 ## - LANGUAGE CODE | |
| Language code of text/sound track or separate title | English |
| 082 ## - DEWEY DECIMAL CLASSIFICATION NUMBER | |
| Classification number | 657.3 |
| Book Number | DUT |
| 100 ## - MAIN ENTRY--PERSONAL NAME | |
| Personal name | Dutta, Pranjal Pratim. |
| Dates associated with a name | Goswami, Nabajyoti. |
| 245 ## - TITLE STATEMENT | |
| Title | Financial Statement Analysis |
| Statement of responsibility, etc. | By Pranjal Pratim Dutta. |
| 260 ## - PUBLICATION, DISTRIBUTION, ETC. | |
| Place of publication, distribution, etc. | New Delhi: |
| Name of publisher, distributor, etc. | Kalyani Publishers; |
| Date of publication, distribution, etc. | 2026. |
| 300 ## - PHYSICAL DESCRIPTION | |
| Pages | 248p. |
| 650 ## - Subject | |
| Subject | Management |
| 942 ## - ADDED ENTRY ELEMENTS (KOHA) | |
| Source of classification or shelving scheme | Dewey Decimal Classification |
| Koha item type | Books |
| Withdrawn status | Lost status | Source of classification or shelving scheme | Damaged status | Not for loan | Collection code | Home library | Current library | Shelving location | Date acquired | Source of acquisition | Total Checkouts | Full call number | Barcode | Date due | Date last seen | Date last checked out | Copy number | Cost, replacement price | Price effective from | Koha item type |
|---|---|---|---|---|---|---|---|---|---|---|---|---|---|---|---|---|---|---|---|---|
| Dewey Decimal Classification | Management | Sibsagar Commerce College Central Library | Sibsagar Commerce College Central Library | General Stacks | 22/04/2026 | Kitap Ghar | 1 | 657.3 DUT | 29443 | 13/05/2026 | 24/04/2026 | 24/04/2026 | 1 | 450.00 | 22/04/2026 | Books | ||||
| Dewey Decimal Classification | Management | Sibsagar Commerce College Central Library | Sibsagar Commerce College Central Library | General Stacks | 22/04/2026 | Kitap Ghar | 1 | 657.3 DUT | 29444 | 16/05/2026 | 28/04/2026 | 28/04/2026 | 2 | 450.00 | 22/04/2026 | Books | ||||
| Dewey Decimal Classification | Management | Sibsagar Commerce College Central Library | Sibsagar Commerce College Central Library | General Stacks | 22/04/2026 | Kitap Ghar | 1 | 657.3 DUT | 29445 | 13/05/2026 | 24/04/2026 | 24/04/2026 | 3 | 450.00 | 22/04/2026 | Books | ||||
| Dewey Decimal Classification | Management | Sibsagar Commerce College Central Library | Sibsagar Commerce College Central Library | General Stacks | 22/04/2026 | Kitap Ghar | 1 | 657.3 DUT | 29446 | 16/05/2026 | 28/04/2026 | 28/04/2026 | 4 | 450.00 | 22/04/2026 | Books |
